Lieux des Jeux des petits états d'Europe depuis 1984 - Statistiques

Statistiques générales
  • Ce quiz a été pris 14 fois
  • Le résultat moyen est 19 sur 21
Statistiques - réponses
Année Pays % Correct
1991 Andorre
100%
2005 Andorre
100%
2025 Andorre
100%
1993 Malte
100%
2003 Malte
100%
2023 Malte
100%
1989 Chypre
92%
2009 Chypre
92%
1999 Liechtenstein
92%
2011 Liechtenstein
92%
1987 Monaco
92%
2007 Monaco
92%
2027 Monaco
92%
1985 Saint-Marin
92%
2001 Saint-Marin
92%
2017 Saint-Marin
92%
1995 Luxembourg
85%
2013 Luxembourg
85%
1997 Islande
77%
2015 Islande
77%
2019 Monténégro
77%
Aucun quiz correspondant
Distribution des résultats
% des personnes avec chaque résultat
Percentile par nombre de réponses
Votre historique - résultats
Vous n’avez pas pris ce quiz